The maui millionaires : Discover the secrets behind the World's most exclusive wealth retreat and become financially free
The Maui Millionaires including instructions on how to build a group of mentors who will help make your dreams come true. Charitable giving and strategies for leaving a legacy round out the final chapters. While most of these ideas won't be new to self-help readers or Oprah fans, those who have...
保存先:
| 第一著者: | |
|---|---|
| フォーマット: | 図書 |
| 言語: | Undetermined |
| 出版事項: |
Hoboken, N.J.
Wiley
2007
|
| 主題: | |
| タグ: |
タグ追加
タグなし, このレコードへの初めてのタグを付けませんか!
|
| Thư viện lưu trữ: | Trung tâm Học liệu Trường Đại học Cần Thơ |
|---|
| LEADER | 01573nam a2200229Ia 4500 | ||
|---|---|---|---|
| 001 | CTU_156241 | ||
| 008 | 210402s9999 xx 000 0 und d | ||
| 020 | |c 18.96 | ||
| 082 | |a 332.02401 | ||
| 082 | |b F499 | ||
| 100 | |a Finkel, David M. | ||
| 245 | 4 | |a The maui millionaires : | |
| 245 | 0 | |b Discover the secrets behind the World's most exclusive wealth retreat and become financially free | |
| 245 | 0 | |c David M. Finkel, Diane Kennedy | |
| 260 | |a Hoboken, N.J. | ||
| 260 | |b Wiley | ||
| 260 | |c 2007 | ||
| 520 | |a The Maui Millionaires including instructions on how to build a group of mentors who will help make your dreams come true. Charitable giving and strategies for leaving a legacy round out the final chapters. While most of these ideas won't be new to self-help readers or Oprah fans, those who haven't considered the impact of negative childhood lessons about money or current limitations to dreaming bigger may find the book fairly insightful. For those who have encountered these ideas before but haven't implemented them, the exercises and suggestions provide a concrete call to action. Until readers have built enough wealth to attend the actual Maui Millionaire event (priced at |3 0,000), this book—and its frequently referenced online tools——provide a decent insight into millionaire thinking. | ||
| 650 | |a Wealth,Millionaires,Giàu có,Nhà triệu phú | ||
| 650 | |z United States,United States,Hoa Kỳ,Hoa Kỳ | ||
| 904 | |i Trọng Hải,Qhieu đã sửa trong CSDL | ||
| 980 | |a Trung tâm Học liệu Trường Đại học Cần Thơ | ||